Strategic Management of Technological Innovation/ (Record no. 213695)

MARC details
000 -LEADER
fixed length control field 00679nam a22002057a 4500
005 - DATE AND TIME OF LATEST TRANSACTION
control field 20251030155352.0
010 ## - LCCN (DPL NO)
LC control number ENG-147048
020 ## - INTERNATIONAL STANDARD BOOK NUMBER
Terms of availability 899.00
International Standard Book Number 9789364442541
035 ## - SYSTEM CONTROL NUMBER
System control number EN-130580
037 ## - SOURCE OF ACQUISITION
Source of stock number/acquisition DBAD
082 ## - DEWEY DECIMAL CLASSIFICATION NUMBER
Classification number 658.4012
Edition number 7
100 ## - MAIN ENTRY--PERSONAL NAME
Personal name Schilling, Melissa A.
245 00 - TITLE STATEMENT
Title Strategic Management of Technological Innovation/
Statement of responsibility, etc Melissa A. Schilling [and] Ravi Shankar
250 ## - EDITION STATEMENT
Edition statement 3
260 ## - PUBLICATION, DISTRIBUTION, ETC. (IMPRINT)
Place of publication, distribution, etc Chennai
Name of publisher, distributor, etc McGraw Hill Education
Date of publication, distribution, etc 2025
270 ## - ADDRESS
Address Anjana Complex No. 5/90 A, Butt Road, St Thomas Mount
City Chennai
Postal code 600016
300 ## - PHYSICAL DESCRIPTION
Extent xxii, 402p.
Dimensions 24cm(pb)
700 ## - ADDED ENTRY--PERSONAL NAME
Personal name Ravi Shankar
Relator term Author
9 (RLIN) 85584
942 ## - ADDED ENTRY ELEMENTS (KOHA)
Source of classification or shelving scheme Dewey Decimal Classification
Item type English Books
Call number suffix SCH
Classification part 658.4012
Holdings
Withdrawn status Lost status Not for loan Collection code Home library Current library Date acquired Source of acquisition Cost, normal purchase price Full call number Barcode Copy number Cost, replacement price Koha item type
      Non-fiction Mobile Library Mobile Library 30/10/2025 Delivery of Books Act Division 899.00 SCH 658.4012 EN-130580 1 899.00 English Books

© Delhi Public Library
Hit Counter
free hit counter